000 00853cab a2200313 4500
001 ABS56825
008 090401t1997 xxu||||| |||| 00| 0 eng d
035 _a(Sirsi) u78187
041 _aeng
245 _aSouth-east
260 _c1997
350 _a0
490 _aProperty Week
_v59(5) 2 May 1997, 33-56(11)
650 _aBEDFORD
650 _aCAMBRIDGE
650 _aHUNTINGDON
650 _aINDUSTRIAL MARKET
650 _aIPSWICH
650 _aPROPERTY-COMMERCIAL PROPERTY-OFFICE PROPERTY-OFFICE PROPERTY MARKET
650 _aPETERBOROUGH
650 _aPLANNING
650 _aREADING
650 _aPROPERTY-COMMERCIAL PROPERTY-RETAIL PROPERTY-RETAIL PROPERTY MARKET
650 _aSOUTH-EAST
650 _aTHANET
690 _aPROPERTY-COMMERCIAL PROPERTY-COMMERCIAL PROPERTY MARKET
942 _n0
948 _c06/05/1997
999 _c49205
_d49205